000
00298nam a22001337a 4500
008
171107b xxu||||| |||| 00| 0 eng d
020
_a
9780070980969
041
_a
eng
080
_2
3 ED
_a
330.722.6
100
_a
62
101
_a
KON
245
_a
FINANCIAL ACCOUTING
_c
LIBBY.L
942
_2
udc
_c
BK
999
_c
37960
_d
37960